| 000 | 01021nas a2200313 4500 | ||
|---|---|---|---|
| 001 | BR0200364 | ||
| 003 | BR-BrBNA | ||
| 005 | 20231205102614.0 | ||
| 007 | ta | ||
| 008 | 230509b bl.|||p| |||| 00| 00por d | ||
| 040 |
_aBR-BrBNA _bpor _cBiblioteca Nacional de Agricultura |
||
| 041 | _a(Pt) | ||
| 072 | _aF08 | ||
| 100 | 1 | _aSpagnollo, E. | |
| 100 | 1 | _aBayer, C. | |
| 100 | 1 | _aWildner, L.P. | |
| 100 | 1 | _aErnani, P.R. | |
| 100 | 1 | _aAlbuquerque, J.A. | |
| 100 | 1 | _aNadal, R. | |
| 245 | 1 | _aAnalise economica do uso de leguminosas estivais intercalares a cultura do milho, na ausencia e na presenca de adubacao nitrogenada, no oeste de Santa Catarina | |
| 650 | _aMilho | ||
| 650 | _aPlanta de Cobertura | ||
| 650 | _aCultivo Intercalado | ||
| 650 | _aFertilizante Nitrogenado | ||
| 650 | _aSanta Catarina | ||
| 773 | 0 |
_tRevista Brasileira de Ciencia do Solo (Brazil) _xISSN 0100-0683 _g(Jul-Dec 2001), v. 25(3) p. 709-715 _wBR0200364 |
|
| 909 |
_a202311 _bLúcia _c55 _dLúcia Elande |
||
| 942 |
_2AGRIS _n0 _cANA |
||
| 999 |
_c168400 _d168400 |
||